000 00872aam a2200361 4500
005 20240619160948.0
008 150608b2002 xxu||||| |||| 00| 0 spa d
020 _a9977661278
041 _aESP
082 _a578.7 S967m4
100 _aSutter, Cristobal
100 _aFischer, Silvia
245 _aEl mundo viviente
250 _a4 edición
260 _aCosta Rica
260 _bEditorial Tecnológica de Costa Rica
260 _c2002
300 _a349 páginas
505 _aContiene ilustraciones
650 _aBIOLOGÍA
650 _aREINOS BIOLÓGICOS
650 _aEVOLUCIÓN
650 _aBIOTECNOLOGÍA
650 _aECOLOGÍA
650 _aGENÉTICA
650 _aREINO MONERA
650 _aREINO PROTISTA
650 _aREINO FUNGI
650 _aREINO PLANTAE
650 _aREINO ANIMALIA
942 _cBK
_2ddc
999 _c1228
_d1228